[Event "NK Pupillendag 2015"]
[Site "Roosendaal"]
[Date "2015.06.20"]
[Round "5.16"]
[White "G04: Artunov Gagik"]
[Black "Kien Lancelot"]
[Result "1-0"]
[WhiteElo "400"]
[BlackElo "451"]
[PlyCount "34"]
[EventDate "2015.06.20"]
[WhiteClock "0:12:03"]
[BlackClock "0:12:08"]

1. e4 e5 2. Nf3 Nc6 3. Nc3 Nf6 4. Bc4 Bb4 5. Nd5 d6 6. Nxf6+ Qxf6 7. c3 Bc5 8.
O-O O-O 9. d4 exd4 10. cxd4 Nxd4 11. Nxd4 Bxd4 12. Be3 Bxe3 13. fxe3 Qxb2 14.
Rb1 Qc3 15. Rc1 Qxe3+ {Re1 [%clk 0:14:31] Qg5 [%clk 0:15:54] Bf1 [%clk 0:14:15]
Re8 [%clk 0:15:47] Rxc7 [%clk 0:13:32] Qa5 [%clk 0:15:13] Qc2 [%clk 0:13:14]
Qxe1 [%clk 0:15:16] e5 [%clk 0:12:45] Qe3+ [%clk 0:15:11]} 16. Kh1 Qe1 17. Kg1
{Qxe5 [%clk 0:14:51]} Qf2+ {Be6 [%clk 0:14:25] Rxb7 [%clk 0:11:36] Qd5 [%clk 0:
14:07] Rb5 [%clk 0:11:39] Qc6 [%clk 0:13:54] Rb2 [%clk 0:10:49] Qc1 [%clk 0:13:
46] Rc2 [%clk 0:10:45] Qh6 [%clk 0:13:47] g3 [%clk 0:10:39] Bf5 [%clk 0:13:17]
Rd2 [%clk 0:10:29] Re6 [%clk 0:12:35] Qxf5 [%clk 0:10:30] Qxd2 [%clk 0:12:42]
Bg2 [%clk 0:10:25] Re1+ [%clk 0:12:43] Bf1 [%clk 0:10:30] Rb8 [%clk 0:12:41]
h4 [%clk 0:10:23] Rbb1 [%clk 0:12:48] Qc8+ Re8 Qxe8# [%clk 0:10:19]} 1-0

[Event "NK Pupillendag 2015"]
[Site "Roosendaal"]
[Date "2015.06.20"]
[Round "5.10"]
[White "F10: Roebers Eline"]
[Black "Arnold Lorin"]
[Result "1-0"]
[WhiteElo "835"]
[BlackElo "494"]
[PlyCount "113"]
[EventDate "2015.06.20"]
[WhiteClock "0:09:02"]
[BlackClock "0:13:03"]

1. e4 c5 2. d4 cxd4 3. c3 e5 4. cxd4 exd4 5. Qxd4 Nc6 6. Qd1 Nf6 7. Nc3 Bc5 8.
Nf3 O-O 9. Bg5 b6 10. Be2 Bb7 11. e5 h6 12. exf6 hxg5 13. fxg7 Kxg7 14. O-O Rh8
15. h3 d6 16. a3 Qf6 17. Ne4 Qxb2 18. Nexg5 Qf6 19. Qd2 Nd4 20. Nxd4 Bxd4 21.
Rac1 Be5 22. f4 Bd4+ 23. Kh1 Rac8 24. Rxc8 Rxc8 25. Bf3 Ba6 26. Rd1 Bc5 27. Qa2
Qxf4 28. Qb2+ Qf6 29. Qxf6+ Kxf6 30. Ne4+ Ke5 31. Nxc5 dxc5 32. Rd5+ Kf4 33.
Rd7 f6 34. Rxa7 Bd3 35. Rb7 b5 36. Rb6 f5 37. Bc6 c4 38. Bxb5 Kg3 39. a4 Re8
40. Bxe8 c3 41. Rc6 c2 42. a5 Kf2 43. Rc7 Ke2 44. Ba4 Kd2 45. Bxc2 Bxc2 46. a6
Be4 47. a7 Ba8 48. Rc8 Bb7 49. Rb8 Bc6 50. a8=Q Bxa8 51. Rxa8 Ke3 52. Ra5 f4
53. Kg1 f3 54. gxf3 Kxf3 55. h4 Kg4 56. h5 Kh4 57. h6 1-0

[Event "NK Pupillendag 2015"]
[Site "Roosendaal"]
[Date "2015.06.20"]
[Round "5.12"]
[White "F12: Blokland Bent"]
[Black "Donders Hendrik"]
[Result "0-1"]
[WhiteElo "462"]
[BlackElo "664"]
[PlyCount "66"]
[EventDate "2015.06.20"]
[WhiteClock "0:16:58"]
[BlackClock "0:17:59"]

1. e4 e5 2. Nf3 d6 3. Bc4 Bg4 4. h3 Bxf3 5. Qxf3 Qf6 6. Qxf6 Nxf6 7. O-O Be7 8.
Nc3 O-O 9. d3 a6 10. Nd5 Nxd5 11. Bxd5 c6 12. Bc4 b5 13. Bb3 a5 14. a4 b4 15.
c3 bxc3 16. bxc3 c5 17. c4 Nc6 18. Be3 Nb4 19. Rad1 Rab8 20. Rb1 Nxd3 21. Bc2
Rxb1 22. Rxb1 Nb4 23. f4 Nxc2 24. Rb3 Nxe3 25. Rxe3 exf4 26. Rf3 Bg5 27. Rb3
Bd8 28. Rd3 Bc7 29. Rd5 Re8 30. Rf5 Rxe4 31. Kf2 Rxc4 {Ke3 [%clk 0:16:34]
Rxa4+ [%clk 0:16:20]} 32. Rxf4 Rxf4+ {Kxf4 [%clk 0:16:50] a4 [%clk 0:16:38]}
33. Ke3 {a3 [%clk 0:16:46] g4 [%clk 0:17:03] a2 [%clk 0:16:55]} g5 0-1

[Event "NK Pupillendag 2015"]
[Site "Roosendaal"]
[Date "2015.06.20"]
[Round "5.9"]
[White "F09: De Putter Sven"]
[Black "Molanus Florian"]
[Result "0-1"]
[WhiteElo "616"]
[BlackElo "601"]
[PlyCount "68"]
[EventDate "2015.06.20"]
[WhiteClock "0:13:35"]
[BlackClock "0:12:30"]

1. e4 c5 2. Nf3 Nc6 3. Be2 d6 4. Nc3 Be6 5. d3 Nf6 6. Bg5 Ng4 7. O-O g6 8. d4
d5 9. exd5 Bxd5 10. Nxd5 Qxd5 11. Bf4 Nxd4 12. Nxd4 cxd4 13. Bxg4 Qe4 14. Qf3
Qxc2 15. Qd1 Qxb2 16. Be3 Rd8 17. Qa4+ b5 18. Qxa7 dxe3 19. fxe3 Bg7 20. Rad1
O-O 21. Rxd8 Rxd8 22. Qxe7 Rf8 23. Rd1 Qxa2 24. Rd8 Qa1+ 25. Bd1 b4 26. Rxf8+
Bxf8 27. Qd8 b3 28. Qd2 b2 29. Kf2 b1=Q 30. Bc2 Qf1+ 31. Kg3 Qe5+ 32. Kh4 Be7+
33. Kh3 Qff5+ 34. g4 Qf3# 0-1

[Event "NK Pupillendag 2015"]
[Site "Roosendaal"]
[Date "2015.06.20"]
[Round "5.8"]
[White "F08: Geelhoed Merel"]
[Black "Shafie Sina"]
[Result "1-0"]
[WhiteElo "405"]
[BlackElo "474"]
[PlyCount "135"]
[EventDate "2015.06.20"]
[WhiteClock "0:14:39"]
[BlackClock "0:17:50"]

1. e4 e5 2. Nf3 Nf6 3. Nc3 Bc5 4. Bc4 O-O 5. O-O Nc6 6. d3 d6 7. Bg5 h6 8. Bc1
Bg4 9. h3 Bxf3 10. Qxf3 a6 11. Qg3 Nh5 12. Qg4 Nf6 13. Qg3 Nh5 14. Qf3 Nf4 15.
Qg3 Qg5 16. Bxf4 exf4 17. Qf3 Nd4 18. Qd1 f3 19. g3 Qh5 20. Kh2 Bb4 21. Nd5 c6
22. Nf4 Qg5 23. c3 d5 24. exd5 b5 25. cxd4 bxc4 26. dxc4 cxd5 27. Nxd5 Bd6 28.
Qxf3 Rac8 29. c5 Bb8 30. Qe2 Qxd5 31. Qxa6 Qxd4 32. c6 Qd5 33. Rac1 Be5 34. b4
Bb2 35. Rfd1 Qf5 36. Rc2 Qe5 37. b5 Bd4 38. Rb1 Ra8 39. Qb7 Rab8 40. Qd7 Rbd8
41. Qg4 Bb6 42. Rbc1 Rc8 43. Qd7 Rc7 44. Qd2 Qxb5 45. Rb2 Qa6 46. Qd5 Re8 47.
Qc4 Qxc4 48. Rxc4 Ba7 49. a4 Rec8 50. Rbc2 Rxc6 51. Rxc6 Re8 52. Kg2 f5 53. a5
Kf7 54. Rc7+ Re7 55. Rxe7+ Kxe7 56. Rc7+ Kd6 57. Rxa7 Kc6 58. Rxg7 f4 59. gxf4
h5 60. Rg5 Kb7 61. Rxh5 Ka8 62. f5 Ka7 63. f6 Ka6 64. f7 Ka7 65. f8=Q Ka6 66.
Qd6+ Ka7 67. Rh7+ Ka8 68. Qd8# 1-0

[Event "NK Pupillendag 2015"]
[Site "Roosendaal"]
[Date "2015.06.20"]
[Round "5.23"]
[White "H03: De Jong Quint"]
[Black "Kazarjan Gachatur"]
[Result "0-1"]
[WhiteElo "386"]
[BlackElo "428"]
[PlyCount "128"]
[EventDate "2015.06.20"]
[WhiteClock "0:16:37"]
[BlackClock "0:18:40"]

1. e4 e5 2. Nf3 Nc6 3. Bc4 d6 4. Nc3 Be7 5. d3 Nh6 6. O-O Ng4 7. h3 Nf6 8. Ng5
Be6 9. Bxe6 fxe6 10. Re1 Qd7 11. Be3 Nd4 12. Bxd4 exd4 13. Ne2 e5 14. c4 dxc3
15. bxc3 Ng8 16. Nf3 Qc6 17. Qb3 Nf6 18. Ng5 Kd7 19. Qe6+ Kd8 20. Qf7 Ne8 21.
Ne6+ Kd7 22. Nxg7 Nxg7 23. Qxg7 Rhf8 24. Qxh7 Qb6 25. Rf1 Qb2 26. Ng3 Rh8 27.
Qf5+ Kd8 28. Nh5 Rf8 29. Qh7 Qxc3 30. Rac1 Qa5 31. Ng7 Rf7 32. Ne6+ Ke8 33.
Qg8+ Bf8 34. Nxf8 Rxf8 35. Qe6+ Kd8 36. Qc4 c5 37. Qb3 b6 38. Rc4 Kc7 39. Ra4
Qd2 40. Qe6 Qxd3 41. Qe7+ Kc6 42. Qh4 b5 43. Ra6+ Kb7 44. Ra5 Kb6 45. Ra3 Qxa3
46. Qe7 Qxa2 47. Qxd6+ Kb7 48. Qd5+ Qxd5 49. exd5 Kc7 50. Rd1 Kd6 51. h4 Rh8
52. g3 a5 53. Rb1 Kxd5 54. Rxb5 a4 55. h5 Rxh5 56. g4 Rg5 57. f4 Rxg4+ 58. Kf2
Rxf4+ 59. Ke3 a3 60. Rb3 a2 61. Rd3+ Rd4 62. Ra3 Rxa3+ 63. Ke2 a1=Q 64. Kf2
Rd2# 0-1

[Event "NK Pupillendag 2015"]
[Site "Roosendaal"]
[Date "2015.06.20"]
[Round "4.20"]
[White "G08: Peeters Jeroen"]
[Black "Van Dongen Jesse"]
[Result "0-1"]
[WhiteElo "398"]
[BlackElo "500"]
[PlyCount "114"]
[EventDate "2015.06.20"]
[WhiteClock "0:14:51"]
[BlackClock "0:13:25"]

1. Nf3 e6 2. g3 d5 3. Bg2 c5 4. O-O Nf6 5. d3 Be7 6. Nbd2 O-O 7. b3 Nc6 8. Bb2
Bd7 9. Rb1 Re8 10. e3 h6 11. e4 dxe4 12. dxe4 Nb4 13. e5 Nfd5 14. c4 Nb6 15.
Bc3 Nd3 16. Ba5 Bc6 17. Ne1 Bxg2 18. Kxg2 Nxe5 19. Ne4 Qxd1 20. Rxd1 Red8 21.
Rxd8+ Rxd8 22. Bb4 cxb4 23. Nf3 Nxf3 24. Kxf3 a5 25. c5 Nd7 26. h4 b6 27. cxb6
Nxb6 28. Ra1 f5 29. g4 fxe4+ 30. Kxe4 Bxh4 31. f4 Bf6 32. Rg1 Rd4+ 33. Kf3 e5
34. fxe5 Bxe5 35. g5 hxg5 36. Rxg5 Bf6 37. Ke3 Bxg5+ 38. Kxd4 Nd7 39. Ke4 Bf6
40. Kd5 g5 41. Kd6 Nf8 42. Kd5 g4 43. Ke4 g3 44. Kf3 Be5 45. Kg2 Ne6 46. Kf3
Nd4+ 47. Kg2 Ne2 48. Kf1 Nf4 49. Kg1 g2 50. Kh2 Bd4 51. Kg3 g1=Q+ 52. Kxf4 Qe3+
53. Kf5 Qe5+ 54. Kg6 Qf6+ 55. Kh5 Qg7 56. a3 Bf6 57. axb4 Qg5# 0-1

[Event "NK Pupillendag 2015"]
[Site "Roosendaal"]
[Date "2015.06.20"]
[Round "5.3"]
[White "F03: Salomons Matthijs"]
[Black "Zubair Muhammad Saad"]
[Result "1-0"]
[WhiteElo "624"]
[BlackElo "805"]
[PlyCount "116"]
[EventDate "2015.06.20"]
[WhiteClock "0:19:21"]
[BlackClock "0:12:31"]

1. d4 d5 2. c4 c6 3. Nc3 Nf6 4. c5 b6 5. Bg5 h6 6. Bxf6 exf6 7. Nf3 Nd7 8. cxb6
Nxb6 9. e4 Bb4 10. e5 Bg4 11. exf6 Qxf6 12. Be2 Bxc3+ 13. bxc3 O-O 14. O-O Rfe8
15. a4 Qe6 16. Ra2 Nxa4 17. Rxa4 Qxe2 18. Qxe2 Rxe2 19. Ne5 Rc2 20. Nxg4 Rxc3
21. Ne5 Kf8 22. Nd7+ Ke7 23. Nb6 axb6 24. Rxa8 b5 25. Re1+ Kf6 26. Ra6 g5 27.
g4 Rc2 28. Rb1 Kg7 29. h3 Kf8 30. Ra8+ Ke7 31. Re1+ Kf6 32. Rf1 Rc4 33. f4 Rxd4
34. fxg5+ Kxg5 35. Rf5+ Kh4 36. Kg2 Rd2+ 37. Kf3 Rd3+ 38. Ke2 Rc3 39. Rh5+ Kg3
40. Ra1 b4 41. Rg1+ Kf4 42. Rf5+ Ke4 43. Rgf1 Re3+ 44. Kd2 Rd3+ 45. Kc2 b3+ 46.
Kb2 Rxh3 47. R1f4+ Kd3 48. Rf3+ Rxf3 49. Rxf3+ Ke4 50. Rxb3 f5 51. gxf5 Kxf5
52. Rf3+ Ke4 53. Rh3 d4 54. Kc2 c5 55. Rxh6 d3+ 56. Kd2 c4 57. Rc6 Kd4 58. Rd6+
Kc5 1-0

[Event "NK Pupillendag 2015"]
[Site "Roosendaal"]
[Date "2015.06.20"]
[Round "4.14"]
[White "G02: Dijkstra Melle"]
[Black "Artunov Gagik"]
[Result "1-0"]
[WhiteElo "589"]
[BlackElo "400"]
[PlyCount "99"]
[EventDate "2015.06.20"]
[WhiteClock "0:15:13"]
[BlackClock "0:16:02"]

1. d4 e6 2. Nc3 Nc6 3. Bf4 Nxd4 4. Qxd4 b6 5. Qd1 Bb4 6. Qd2 Bxc3 7. Qxc3 Nf6
8. Bxc7 Qe7 9. Bf4 Ne4 10. Qxg7 Rf8 11. Qxh7 Qb4+ 12. c3 Qxb2 13. Rd1 Qxc3+ 14.
Bd2 Nxd2 15. Rxd2 Qc1+ 16. Rd1 Qc3+ 17. Rd2 Ba6 18. e3 Rc8 19. Bxa6 Qa1+ 20.
Rd1 Qxa2 21. Bxc8 Ke7 22. Rxd7+ Ke8 23. Qd3 Qa1+ 24. Ke2 Qb2+ 25. Kf3 Qf6+ 26.
Ke2 Qb2+ 27. Qd2 Qb5+ 28. Rd3 Qh5+ 29. Nf3 Ke7 30. Rd7+ Kf6 31. Qd4+ Kg6 32.
Qh4 Qb5+ 33. Rd3 Rxc8 34. Rhd1 Qb2+ 35. R1d2 Qb5 36. Qg4+ Kf6 37. Nd4 Qd7 38.
Nf3 Qb5 39. Kf1 Rd8 40. Qf4+ Kg7 41. Nd4 Qb1+ 42. Rd1 Qb2 43. Nc6 Rxd3 44. Qg5+
Kf8 45. Qh6+ Ke8 46. Rxd3 Qb1+ 47. Ke2 Qc2+ 48. Rd2 Qxc6 49. Qh8+ Ke7 50. Qd8#
1-0

[Event "NK Pupillendag 2015"]
[Site "Roosendaal"]
[Date "2015.06.20"]
[Round "4.13"]
[White "G01: Han Yichen"]
[Black "De Boer Sem"]
[Result "1-0"]
[WhiteElo "1063"]
[BlackElo "534"]
[PlyCount "45"]
[EventDate "2015.06.20"]
[WhiteClock "0:15:42"]
[BlackClock "0:00:01"]

1. e4 e5 2. Nf3 Nc6 3. Bc4 Nf6 4. d4 exd4 5. Ng5 d5 6. exd5 b5 7. Bxb5 Qxd5 8.
Bxc6+ Qxc6 9. O-O Bb7 10. Nf3 g5 11. Bxg5 Ne4 12. Re1 f5 13. Qxd4 Bc5 14. Qxh8+
Bf8 15. Qe5+ Kf7 16. Qxf5+ Ke8 17. Nc3 Bb4 18. Rxe4+ Qxe4 19. Nxe4 Rd8 20. Bxd8
Kxd8 21. Rd1+ Ke7 22. Rd7+ Ke8 23. Qf7# 1-0

[Event "NK Pupillendag 2015"]
[Site "Roosendaal"]
[Date "2015.06.20"]
[Round "5.2"]
[White "F02: Van Der Hagen Loek"]
[Black "Lipschart Olivier"]
[Result "0-1"]
[WhiteElo "863"]
[BlackElo "709"]
[PlyCount "88"]
[EventDate "2015.06.20"]
[WhiteClock "0:12:08"]
[BlackClock "0:18:05"]

1. e4 e5 2. Nf3 Nc6 3. Bc4 Bc5 4. b4 Nxb4 5. a3 Nc6 6. c3 Nf6 7. d4 exd4 8.
cxd4 Bb6 9. e5 Ng4 10. O-O O-O 11. Bg5 Ne7 12. Qc2 h6 13. Bh4 d6 14. exd6 Qxd6
15. h3 Nf6 16. Rd1 Nf5 17. Qxf5 Bxf5 18. Nc3 Ne4 19. Nd5 Kh8 20. Be7 Qg6 21.
Nh4 Qh5 22. Nxf5 Qxf5 23. f3 Nd6 24. Bxf8 Rxf8 25. Ne3 Qg5 26. Re1 Nxc4 27.
Nxc4 Bxd4+ 28. Kh1 Bxa1 29. Rxa1 Re8 30. Nd2 Qxd2 31. Rb1 Re1+ 32. Rxe1 Qxe1+
33. Kh2 c5 34. a4 c4 35. a5 Qxa5 36. h4 c3 37. g4 c2 38. Kg3 c1=Q 39. g5 Qae1+
40. Kg4 Qc4+ 41. f4 g6 42. h5 Qce2+ 43. Kh3 Qf3+ 44. Kh2 Qeh1# 0-1

[Event "NK Pupillendag 2015"]
[Site "Roosendaal"]
[Date "2015.06.20"]
[Round "5.5"]
[White "F05: Bello Ingo"]
[Black "Warnaar Tim"]
[Result "0-1"]
[WhiteElo "673"]
[BlackElo "500"]
[PlyCount "146"]
[EventDate "2015.06.20"]
[WhiteClock "0:13:20"]
[BlackClock "0:18:09"]

1. e4 e6 2. Nf3 Nf6 3. Nc3 Nc6 4. d4 d5 5. e5 Ne4 6. Nxe4 dxe4 7. Nd2 Nxd4 8.
Nxe4 f5 9. exf6 c5 10. Bg5 Qd5 11. f7+ Kxf7 12. f3 h6 13. Bf4 Kg8 14. c4 Qf5
15. Be3 e5 16. g4 Qd7 17. Bg2 b6 18. Qd2 Bb7 19. Bxh6 Rxh6 20. Qxh6 Nc2+ 21.
Kf1 Bxe4 22. Qg5 Nxa1 23. fxe4 Qd1+ 24. Kf2 Qc2+ 25. Kg3 Qd3+ 26. Bf3 Nc2 27.
Rd1 Qxc4 28. Rc1 Qd3 29. Rd1 Qc4 30. Rc1 Re8 31. Bd1 Qd3+ 32. Kf2 Be7 33. Bxc2
Bxg5 34. Bxd3 Bxc1 35. b3 Rf8+ 36. Ke2 a5 37. a4 g5 38. Bc4+ Kg7 39. Be6 Rf6
40. Bd5 Rh6 41. Kd3 Rxh2 42. Kc4 Rc2+ 43. Kb5 Rg2 44. Be6 Rf2 45. Kxb6 Rf4 46.
Bf5 Rf3 47. Be6 Rf6 48. Kxc5 Rxe6 49. Kb5 Bd2 50. Kc4 Rd6 51. Kc5 Rf6 52. Kd5
Bc3 53. Kc4 Bb2 54. Kb5 Bc3 55. Kc4 Ba1 56. Kb5 Rf4 57. Kxa5 Rxe4 58. b4 Bc3
59. Ka6 Rxb4 60. a5 Ra4 61. Kb5 Rxa5+ 62. Kc4 Be1 63. Kd3 Ra6 64. Ke4 Re6 65.
Kf5 Kf7 66. Kxg5 e4 67. Kf4 Bd2+ 68. Kf5 e3 69. g5 e2 70. g6+ Ke7 71. g7 Rf6+ {
Kg5 [%clk 0:12:58] Kf7+ [%clk 0:17:55]} 72. Kg4 {Kxg7 [%clk 0:18:02] Kg3 [%clk
0:13:07]} e1=Q {Kg4 [%clk 0:13:14] Qg1+ [%clk 0:18:17]} 73. Kh5 Rh6+ 0-1

[Event "NK Pupillendag 2015"]
[Site "Roosendaal"]
[Date "2015.06.20"]
[Round "4.22"]
[White "H02: Deshmukh Om"]
[Black "Visser Isaac"]
[Result "1-0"]
[WhiteElo "543"]
[BlackElo "512"]
[PlyCount "117"]
[EventDate "2015.06.20"]
[WhiteClock "0:03:42"]
[BlackClock "0:14:07"]

1. e4 e5 2. Nf3 Nc6 3. Bc4 Bc5 4. Ng5 Qxg5 5. O-O Qe7 6. Nc3 Nf6 7. Nd5 Nxd5 8.
exd5 Nb4 9. a3 Na6 10. b4 Bd4 11. c3 Qg5 12. d3 Qg6 13. cxd4 d6 14. Bb5+ Bd7
15. Bxd7+ Kxd7 16. Qa4+ Kd8 17. dxe5 dxe5 18. Qb5 Re8 19. Qxb7 Rb8 20. Qxa7 e4
21. dxe4 Rxe4 22. b5 Qf6 23. Rb1 Rg4 24. Qe3 Qg6 25. Qh3 Nc5 26. f3 Rc4 27. Be3
Rc2 28. Bxc5 Rxc5 29. Rbe1 Rc2 30. Qh4+ Kc8 31. Re8+ Kb7 32. Rxb8+ Kxb8 33. Rf2
Rc1+ 34. Rf1 Qb6+ 35. Qf2 Rc5 36. h3 Qd6 37. a4 Qxd5 38. Re1 Kb7 39. f4 c6 40.
bxc6+ Kxc6 41. Qg3 Qd4+ 42. Qf2 Qxa4 43. Kh2 Rc2 44. Qf3+ Kb5 45. Re5+ Kb4 46.
Re4+ Ka5 47. Rxa4+ Kxa4 48. Qe4+ Kb3 49. Qxh7 Kb2 50. Qxg7+ Kb1 51. Kg3 Rb2 52.
Kf3 Rb3+ 53. Ke4 Rb4+ 54. Kd3 Rb3+ 55. Kc4 Rb2 56. Qh7+ Ka1 57. Kc3 Rb7 58. Qc2
Rb1 59. Qa4# 1-0

[Event "NK Pupillendag 2015"]
[Site "Roosendaal"]
[Date "2015.06.20"]
[Round "5.4"]
[White "F04: Tjong Tjin Joe Wesley"]
[Black "Ang Rufus"]
[Result "1-0"]
[WhiteElo "757"]
[BlackElo "546"]
[PlyCount "45"]
[EventDate "2015.06.20"]
[WhiteClock "0:13:55"]
[BlackClock "0:16:51"]

1. e4 e5 2. Nf3 Nc6 3. Bc4 h6 4. d4 exd4 5. Nxd4 Nxd4 6. Qxd4 Nf6 7. e5 Qe7 8.
O-O Nh7 9. Nc3 d6 10. Nd5 Qd8 11. exd6 cxd6 12. Re1+ Be6 13. Bb5+ Qd7 14. Bxd7+
Kxd7 15. Bd2 Be7 16. Qa4+ Kd8 17. Ba5+ b6 18. Nxb6 Rb8 19. Nd5+ Kc8 20. Qc4+
Kd7 21. Qc7+ Ke8 22. Qxb8+ Bd8 23. Qxd8# 1-0

[Event "NK Pupillendag 2015"]
[Site "Roosendaal"]
[Date "2015.06.20"]
[Round "5.6"]
[White "F06: Adema Wessel"]
[Black "Tran Kimmily"]
[Result "1/2-1/2"]
[WhiteElo "599"]
[BlackElo "650"]
[PlyCount "150"]
[EventDate "2015.06.20"]
[WhiteClock "0:05:06"]
[BlackClock "0:01:10"]

1. d4 d5 2. c4 dxc4 3. e4 Nf6 4. Nc3 Nc6 5. Nf3 Bg4 6. d5 Bxf3 7. Qxf3 Nd4 8.
Qd1 e5 9. dxe6 Nxe6 10. Qxd8+ Rxd8 11. Bxc4 Bc5 12. O-O O-O 13. b3 Bd4 14. Bb2
Bxc3 15. Bxc3 Nxe4 16. Bb2 Rd2 17. Be5 Rfd8 18. Bxe6 fxe6 19. Bxc7 Rf8 20. f3
Ng5 21. Rae1 Rxa2 22. f4 Rc2 23. Ba5 Nf7 24. Rxe6 b6 25. Bb4 Rd8 26. Rfe1 h6
27. Re8+ Rxe8 28. Rxe8+ Kh7 29. Re7 Rc1+ 30. Kf2 Rc2+ 31. Ke3 Nd8 32. Rxa7 Nc6
33. Rb7 Nxb4 34. Rxb6 Nd5+ 35. Kd3 Rxg2 36. Rd6 Nxf4+ 37. Ke3 g5 38. b4 Rxh2
39. b5 Rb2 40. b6 Nd5+ 41. Rxd5 Rxb6 42. Kf3 Kg6 43. Kg4 Rb4+ 44. Kg3 Rf4 45.
Rd6+ Rf6 46. Rd5 h5 47. Rd4 Kf5 48. Rd5+ Kg6 49. Rd4 Rc6 50. Rd3 Rc5 51. Rf3
Rc4 52. Rf2 Rc3+ 53. Kg2 h4 54. Rd2 Rg3+ 55. Kh2 Kh5 56. Rd4 Rg4 57. Rd3 Rf4
58. Rd2 Rf6 59. Rd4 Rg6 60. Rd5 Kh6 61. Re5 g4 62. Kg2 g3 63. Re1 Kh5 64. Kh3
g2 65. Rg1 Rg3+ 66. Kh2 Kg4 67. Rxg2 Kf3 68. Ra2 h3 69. Kh1 Rg5 70. Ra3+ Kg4
71. Kh2 Rh5 72. Rb3 Re5 73. Rg3+ Kf4 74. Kxh3 Rh5+ 75. Kg2 Ke5 1/2-1/2

[Event "NK Pupillendag 2015"]
[Site "Roosendaal"]
[Date "2015.06.20"]
[Round "4.12"]
[White "F12: Shafie Sina"]
[Black "Duursma Wietse"]
[Result "1-0"]
[WhiteElo "474"]
[BlackElo "173"]
[PlyCount "27"]
[EventDate "2015.06.20"]
[WhiteClock "0:15:49"]
[BlackClock "0:16:20"]

1. e4 e6 2. Nf3 Nf6 3. Bc4 Bc5 4. O-O Nxe4 5. d3 Bxf2+ 6. Rxf2 Nxf2 7. Kxf2
Qh4+ 8. Nxh4 c6 9. Kg1 d5 10. Bb3 O-O 11. Qf3 e5 12. Qg3 f5 13. Bh6 f4 14.
Qxg7# 1-0

[Event "NK Pupillendag 2015"]
[Site "Roosendaal"]
[Date "2015.06.20"]
[Round "4.16"]
[White "G04: Kien Lancelot"]
[Black "Jonkman Amelia"]
[Result "1-0"]
[WhiteElo "451"]
[BlackElo "662"]
[PlyCount "75"]
[EventDate "2015.06.20"]
[WhiteClock "0:03:19"]
[BlackClock "0:00:25"]

1. e4 c5 2. Nf3 Nc6 3. Nc3 d6 4. Bb5 Bd7 5. d3 Nf6 6. Bg5 h6 7. Bf4 e5 8. Bg3
Be7 9. O-O O-O 10. Qe2 a6 11. Ba4 Qb6 12. b3 Qa5 13. Nd5 b5 14. b4 cxb4 15. Bb3
Nxd5 16. Bxd5 Qd8 17. Rad1 Rc8 18. d4 exd4 19. Nxd4 Qb6 20. Nxc6 Bxc6 21. Bxc6
Qxc6 22. Rd2 Rfd8 23. Qg4 Qc3 24. Bf4 Kh8 25. Rc1 a5 26. Rd3 Qc4 27. Rg3 Bf6
28. Rh3 Kh7 29. Qf5+ Kg8 30. Bxh6 a4 31. Rg3 Kf8 32. Qxf6 gxh6 33. Qb2 a3 34.
Qb1 Qxe4 35. Rb3 Rc4 36. Re1 Qd4 37. Rd3 Qc5 38. Rb3 1-0

[Event "NK Pupillendag 2015"]
[Site "Roosendaal"]
[Date "2015.06.20"]
[Round "5.7"]
[White "F07: Mensing Luana"]
[Black "Molanus Eva"]
[Result "1-0"]
[WhiteElo "407"]
[BlackElo "373"]
[PlyCount "117"]
[EventDate "2015.06.20"]
[WhiteClock "0:16:44"]
[BlackClock "0:18:45"]

1. e4 e5 2. Nf3 Nc6 3. Bc4 Nf6 4. Nc3 Bc5 5. Ng5 O-O 6. O-O d6 7. h3 h6 8. Nf3
Qe8 9. d3 Nd4 10. Nxd4 Bxd4 11. Bd2 a6 12. Qf3 b5 13. Bd5 c6 14. Bb3 Bxc3 15.
bxc3 a5 16. a4 bxa4 17. Bxa4 Qe7 18. Bxc6 Ra6 19. Bb5 Rb6 20. Rxa5 Ne8 21. Qg3
Bd7 22. Bxd7 Qxd7 23. Bxh6 Qc6 24. Be3 Rb2 25. Bh6 Qxc3 26. Ra8 g6 27. Bxf8
Kxf8 28. Qe3 Ke7 29. Qg5+ Nf6 30. Ra7+ Ke6 31. Ra8 Rxc2 32. Rd1 Qc6 33. Rda1
Rc1+ 34. Qxc1 Qxc1+ 35. Rxc1 Nd7 36. Re8+ Kf6 37. Rc2 Nb6 38. Re2 Na4 39. Rd8
Nc3 40. Rxd6+ Ke7 41. Rc2 Nb5 42. Rb6 Nd4 43. Rc7+ Kd8 44. Ra7 Kc8 45. Rbb7 Nc6
46. Rxf7 Nxa7 47. Rxa7 Kb8 48. Rg7 Kc8 49. Rxg6 Kd8 50. h4 Ke7 51. h5 Kf7 52.
Rg3 Kf6 53. h6 Kf7 54. h7 Kf6 55. h8=Q+ Kf7 56. Qxe5 Kf8 57. Rf3+ Kg8 58. Qg5+
Kh7 59. Rh3# 1-0

[Event "NK Pupillendag 2015"]
[Site "Roosendaal"]
[Date "2015.06.20"]
[Round "4.17"]
[White "G05: Klaren Oscar"]
[Black "Ekker Joshua"]
[Result "1-0"]
[WhiteElo "426"]
[BlackElo "561"]
[PlyCount "139"]
[EventDate "2015.06.20"]
[WhiteClock "0:23:33"]
[BlackClock "0:21:18"]

1. e4 e5 2. Nf3 Nc6 3. Bb5 Nf6 4. Bxc6 dxc6 5. Nc3 Bg4 6. h3 Bxf3 7. Qxf3 Bb4
8. d3 Bxc3+ 9. bxc3 O-O 10. Bg5 h6 11. Bxf6 Qxf6 12. Qxf6 gxf6 13. O-O Kh8 14.
Rab1 Rab8 15. Rb2 Rg8 16. Rfb1 b6 17. Re1 Rg7 18. Re3 Rbg8 19. Rg3 Rg5 20. Kh2
h5 21. h4 R5g6 22. Rxg6 fxg6 23. Rb3 Rf8 24. Ra3 f5 25. Rxa7 fxe4 26. dxe4 Rxf2
27. Rxc7 Rxc2 28. Rxc6 Rxa2 29. Rxb6 Re2 30. c4 Rxe4 31. c5 Rf4 32. c6 Rf8 33.
c7 Kh7 34. Rb7 Rc8 35. Kg3 Kg7 36. Kf3 Kf6 37. Ke3 Kf5 38. g3 g5 39. hxg5 Kxg5
40. Ke4 Kg4 41. Rb3 Rxc7 42. Kxe5 Re7+ 43. Kf6 Re1 44. Rb5 Rh1 45. Kg6 h4 46.
Rg5+ Kh3 47. gxh4 Kxh4 48. Rh5+ Kg3 49. Rxh1 Kf3 50. Rg1 Ke4 51. Rf1 Kd5 52.
Re1 Kd4 53. Kf5 Kc3 54. Rd1 Kc4 55. Ke5 Kc3 56. Ke4 Kc2 57. Rd8 Kc3 58. Rd7 Kc4
59. Rc7+ Kb3 60. Kd4 Kb2 61. Kd3 Kb1 62. Kd2 Kb2 63. Rb7+ Ka3 64. Kc3 Ka4 65.
Rb1 Ka5 66. Kc4 Ka6 67. Kc5 Ka7 68. Kc6 Ka8 69. Kc7 Ka7 70. Ra1# 1-0

[Event "NK Pupillendag 2015"]
[Site "Roosendaal"]
[Date "2015.06.20"]
[Round "4.11"]
[White "F11: Duursma Yorick"]
[Black "Adema Wessel"]
[Result "0-1"]
[WhiteElo "100"]
[BlackElo "599"]
[PlyCount "40"]
[EventDate "2015.06.20"]
[WhiteClock "0:16:27"]
[BlackClock "0:14:14"]

1. e4 e5 2. Nf3 Nc6 3. Ng5 Qxg5 4. d3 Qd8 5. b4 Nxb4 6. Qh5 Nf6 7. Qxe5+ Be7 8.
Qb2 Nc6 9. d4 Nxe4 10. Qb3 Nxd4 11. Qd3 Nxf2 12. Qxd4 Nxh1 13. Qxg7 Bf6 14. Qg4
Bxa1 15. Bc4 d5 16. Bb3 Bxg4 17. Nc3 Bxc3+ 18. Kf1 Qf6+ 19. Kg1 Qf2+ 20. Kxh1
Qf1# 0-1

[Event "NK Pupillendag 2015"]
[Site "Roosendaal"]
[Date "2015.06.20"]
[Round "4.10"]
[White "F10: Molanus Eva"]
[Black "De Putter Sven"]
[Result "1/2-1/2"]
[WhiteElo "373"]
[BlackElo "616"]
[PlyCount "126"]
[EventDate "2015.06.20"]
[WhiteClock "0:17:39"]
[BlackClock "0:14:53"]

1. e4 e5 2. Nf3 Nc6 3. Nc3 Bc5 4. Bc4 Nf6 5. O-O d6 6. d3 Bg4 7. h3 Bh5 8. Bg5
h6 9. Bh4 Nd4 10. Bxf6 Qxf6 11. Nd5 Qd8 12. c3 Nxf3+ 13. gxf3 O-O 14. b4 Bb6
15. Nxb6 axb6 16. d4 exd4 17. Qxd4 Bxf3 18. Kh2 Qg5 19. Rg1 Qe5+ 20. Qxe5 dxe5
21. Bd5 c6 22. Bc4 Ra3 23. b5 cxb5 24. Bxb5 Rxc3 25. a4 Rc2 26. Rgf1 Rd8 27.
Kg3 Bxe4 28. Rfe1 Rc3+ 29. Kg4 Bf3+ 30. Kf5 g6+ 31. Kxe5 Rd5+ 32. Kf6 Rd6+ 33.
Ke5 Rd5+ 34. Kf6 Rf5+ 35. Ke7 Rc7+ 36. Kd6 Rc8 37. Bd7 Rd8 38. Re8+ Rxe8 39.
Bxe8 Rd5+ 40. Kc7 f5 41. Kxb6 Re5 42. Bd7 Re7 43. Bb5 h5 44. Bc4+ Kh7 45. a5 g5
46. Rd1 g4 47. hxg4 fxg4 48. Rd8 Kg6 49. Bd3+ Be4 50. Bxe4+ Rxe4 51. Kxb7 h4
52. a6 Rb4+ 53. Kc6 h3 54. a7 h2 55. a8=Q h1=Q+ 56. Kc5 Qxa8 57. Rxa8 Rb2 58.
Rg8+ Kf5 59. Kd4 Kf4 60. Kd3 Rxf2 61. Kd4 Kg3 62. Ke3 Kg2 63. Rxg4+ Kf1 1/2-1/2